Statistiken für Ein Platz der zusammengeschlossenen Länder

Klicken Sie hier um das Quiz zu spielen!

Allgemein

  • Dieses Quiz wurde 195 mal gespielt
  • Das Durchschnittsergebnis liegt bei 34 aus 52

Antworten auf der Karte

Die Antworten werden auf der Karte rot bzw. grün angezeigt, abhängig davon wie oft sie richtig erraten wurden.
 

Antwortstatistiken

Land% Korrekt
Deutschland
100%
China
99%
Türkei
96%
Ägypten
93%
Argentinien
93%
Schweden
92%
Spanien
92%
Japan
90%
Portugal
90%
Irland
85%
Island
85%
Neuseeland
85%
Namibia
84%
Kasachstan
81%
Libyen
81%
Sudan
81%
Tschad
80%
Finnland
79%
Österreich
79%
Schweiz
79%
Iran
77%
Pakistan
75%
Marokko
74%
Polen
74%
Australien
73%
Sri Lanka
72%
Angola
71%
Ukraine
71%
Mexiko
69%
Madagaskar
64%
Venezuela
64%
Brasilien
63%
Jemen
63%
Tunesien
57%
Afghanistan
54%
Äthiopien
54%
Mongolei
52%
Oman
51%
Peru
50%
Algerien
47%
Bolivien
47%
Paraguay
47%
Kolumbien
39%
Kenia
37%
Weißrussland
36%
Uruguay
35%
Papua-
Neuguinea
33%
Ecuador
31%
Rumänien
31%
Südkorea
29%
Tansania
28%
Saudi-Arabien
22%

Verteilung der Resultate

Perzentil nach korrekt beantworteten Fragen

Anzahl Personen mit jedem Resultat

Ihre Resultats-Entwicklung

Sie haben dieses Quiz noch nicht gespielt